| 000 | 00749cam a2200277 a 4500 | ||
|---|---|---|---|
| 001 | 61260 | ||
| 005 | 20230410142423.0 | ||
| 008 | 030808s2002 bcc 000 1 eng | ||
| 035 | _a13305751 | ||
| 925 | 0 |
_aacquire _b1 shelf copy _xpolicy default |
|
| 942 |
_2lcc _cbk |
||
| 010 | _a 2003467715 | ||
| 020 | _a189480015X (pbk.) | ||
| 040 |
_aDLC _cDLC _dDLC |
||
| 041 | 1 |
_aeng _hfre |
|
| 082 | 0 | 0 |
_a843/.914 _222 |
| 050 | 1 | 4 | _aO42p 2002 |
| 100 | 1 |
_aOllivier, Emile, _d1940- |
|
| 240 | 1 | 0 |
_aPassages. _lEnglish |
| 245 | 1 | 0 |
_aPassages / _broman : _cEmile Ollivier |
| 260 |
_aVictoria, B.C. : _btypo roman , _c2002. |
||
| 300 |
_a219 p. ; _c21 cm. |
||
| 700 | 1 | _aSugden, Leonard W. | |
| 946 | _almminaya | ||
| 923 |
_d20030729 _nI20008926 _sCoutts |
||
| 999 |
_c95323 _d95323 |
||